| 000 | 00670nam a22002177a 4500 | ||
|---|---|---|---|
| 003 | 0 | ||
| 005 | 20250826135208.0 | ||
| 008 | 250826b xxu||||| |||| 00| 0 eng d | ||
| 020 | _a978-93-5751-264-0 | ||
| 050 |
_aPN 4784.T4 _b.K86 2025 |
||
| 100 |
_aKumar, Dibyanshu, _eauthor. |
||
| 245 |
_aWriting for media-theory / _cDibyanshu Kumar. |
||
| 250 | _aFirst edition. | ||
| 260 |
_aNew Delhi, India : _bRandom Publications LLP, _c2025. |
||
| 300 |
_ax, 256 pages ; _c24 cm. |
||
| 504 | _aIncludes bibliographical references and index. | ||
| 650 |
_aJournalism _xAuthorship. |
||
| 650 |
_aMass media _xAuthorship. |
||
| 650 |
_aJournalism _xTheory. |
||
| 942 |
_2lcc _cBK |
||
| 999 |
_c367618 _d367618 |
||